Macromedia Director 8: Shockwave Studio, Lingo Dictionary /
| Autor Corporativo: | |
|---|---|
| Formato: | Libro |
| Idioma: | inglés |
| Publicado: |
California:
Macromedia Inc.,
2000
|
| Subjects: |
MARC
| LEADER | 00000nam a2200000Ia 4500 | ||
|---|---|---|---|
| 008 | 180904b2000 -us||||| |||| 00| | eng d | ||
| 999 | |c 2036 |d 2036 | ||
| 090 | |a 08.15.02 |b 1063 | ||
| 110 | |a Macromedia Inc. |9 4071 | ||
| 245 | 1 | 0 | |a Macromedia Director 8: Shockwave Studio, Lingo Dictionary / |c Macromedia |
| 260 | |a California: |b Macromedia Inc., |c 2000 | ||
| 300 | |a 566 páginas | ||
| 650 | 1 | 4 | |a PROGRAMAS DE COMPUTADORA |9 1302 |
| 650 | 1 | 4 | |a MANUALES |9 426 |
| 942 | |i 001782 |h 08.15.02 1063 |2 z |c 01 | ||
